000 00411nam a2200133Ia 4500
008 100328s9999 xx 000 0 und d
082 _b60257
100 _aधोंडे मधुकर
245 _aखरं तेच सांगेन.
260 _bगं्रथाली.
630 _aखरं तेच सांगेन.
730 _aखरं तेच सांगेन.
942 _cBOOK
999 _c546419
_d546416